| 000 | 01664cam a2200349 4500 | ||
|---|---|---|---|
| 001 | ##L131819 | ||
| 002 | ##9326 | ||
| 008 | 051209n2005 000 0 eng u | ||
| 020 | _a1904388507 | ||
| 035 | _a(Sirsi) u131819 | ||
| 041 | 0 | _aeng | |
| 050 | 0 | 4 | _a692.2 $2 18 |
| 100 | 1 | _aBadley, Neil | |
| 245 |
_aBuilding regulations _ba CPD study pack |
||
| 250 | _a2nd ed. | ||
| 260 |
_aReading _bCollege of Estate Management _c2005 |
||
| 300 |
_a44p _btables _c30cm |
||
| 350 | _a37 | ||
| 490 | 0 | _aCollege of Estate Management CPD Study Pack | |
| 520 | _aProvides an overview of the changes to the Building Regulations. Section 1 looks at Approved Documents L1A, L1B, L2A, and L2B "Conservation of fuel and power". Section 2 examines Approved Document F "Means of ventilation". Section 3 focuses on the Building Regulations and historic buildings. An appendix outlines types of change of use and what Building Regulations automatically apply to the work. | ||
| 520 | _aSuperseded by 2006 edition (ISBN 9781904388654). Supersedes 2004 edition | ||
| 520 | _aNo audio tape accompanies this study pack | ||
| 590 | _aIKA280306 | ||
| 650 | 2 | 4 | _aBUILDING REGULATIONS 2000 APPROVED DOCUMENT L1B (2005 INTERIM EDITION) |
| 650 | 2 | 4 | _aBUILDING REGULATIONS 2000 APPROVED DOCUMENT L1A (2005 INTERIM EDITION) |
| 650 | 2 | 4 | _aBUILDING REGULATIONS 2000 APPROVED DOCUMENT L2A (2005 INTERIM EDITION) |
| 650 | 2 | 4 | _aBUILDING REGULATIONS 2000 APPROVED DOCUMENT L2B (2005 INTERIM EDITION) |
| 650 | 2 | 4 | _aBUILDING REGULATIONS 2000 APPROVED DOCUMENT F (2005 EDITION) |
| 690 |
_aBuilding regulations _96224 |
||
| 710 | 2 |
_aCollege of Estate Management _9400 |
|
| 942 | _n0 | ||
| 999 |
_c104854 _d104854 |
||